000 00586nam a2200217 a 4500
001 BRCA_7186
005 20190320205737.0
008 130112s1919----gw-#######---#000-0#ger-#
041 _ager
044 _agw
050 4 _aPT2635 .O24
_b.F44 1919
100 1 _aRoda Roda, Alexander Friedrich Ladislaus
_d1872-
_917808
245 1 0 _aDer Feldherrnhugel
_cRoda Roda & Carl Rossler.
260 _aBerlĂ­n
_bEysler
_c1919
300 _a111 p.
_c20 cm.
500 _aP78
650 1 4 _aLiteratura Alemana
_96160
700 1 _aRossler, Carl
_ecoaut.
_917809
902 _aGFM
942 _2lcc
_cB
999 _c6867
_d6867